Normal view MARC view

Entry Personal Name

Used in 1 records

001 - CONTROL NUMBER

  • control field: 14265

003 - CONTROL NUMBER IDENTIFIER

  • control field: LRUA

005 - DATE AND TIME OF LATEST TRANSACTION

  • control field: 20200706102738.0

008 - FIXED-LENGTH DATA ELEMENTS

  • fixed length control field: 200706|| aca||aabn | a|a d

040 ## - CATALOGING SOURCE

  • Original cataloging agency: LRUA

100 ## - HEADING--PERSONAL NAME

  • Personal name: LONG PROS ,ឡុង ប្រុស
មជ្ឈមណ្ឌលឯការនៃសាកលវិទ្យាល័យភូមិន្ទកសិកម្មចំការដូង

Powered by Koha